000 00588nam a2200205 a 4500
999 _c7449
_d7449
001 7449
003 BD-JhCC
005 20180210124942.0
008 180210b13751375bg |||| ||a| 000 0 ben d
035 _a(BD-JhCC)
040 _aBD-JhCC 7449
_dBD-JhCC
041 _aben
100 _aমুহম্মদ, কাজী দীন
245 _aবাঙলা একাডেমী পত্রিকা /
_c কাজী দীন মুহম্মদ
260 _aঢাকা :
_c1375
300 _a177 p .:
_c24 cm .
650 _aNews Paper
942 _2ddc
_cBK